006650000a2200181000450024501940000065000340019465000180022865000340024665000240028065000140030465000300031865100160034865300120036404100130037670000210038910000230041077300500043310aWhere should nature reserves be located in the cape floristic region, south Africa? models for the spatial configuration of a reserve network aimed at maximizing the protection of floral...14aSistema de reservas naturales14aModelos nulos14aAlgoritmo riqueza de especies14aAlgoritmo de rareza14aEndemismo14aRegiones biogeográficas 4pSudáfrica fRosidae0 aInglés1 aSiegfried, W. R.1 aRebelo, Anthony G.1 tConservation Biology324h2q243-252d1992g6